000
00327 a2200169 4500
001
175165
020
_a
85-85466-90-1
040
_c
Magnum
100
_a
Sellier, Marie
240
1
0
_a
M de Monet
_l
por
245
1
0
_a
M de Monet
300
_a
61
362
0
_a
1997
440
1
_a
Moderna
697
_a
PINTORES
942
_c
BK
999
_c
175165
_d
175165